[Event "FRA-chT3 Gr01 0607"]
[Site "France"]
[Date "2007.03.31"]
[Round "8.4"]
[White "Gonzalez, Paul"]
[Black "Maruejols, Claude"]
[Result "1-0"]
[WhiteElo "1966"]
[BlackElo "2014"]
[PlyCount "81"]
[EventDate "2006.10.15"]
[EventType "team"]
[EventRounds "9"]
[EventCountry "FRA"]
[SourceTitle "EXT 2008"]
[Source "ChessBase"]
[SourceDate "2007.11.25"]
[SourceVersion "1"]
[SourceVersionDate "2007.11.25"]
[SourceQuality "1"]

1. d4 Nf6 2. c4 g6 3. Nc3 d5 4. cxd5 Nxd5 5. Bd2 Bg7 6. e4 Nb6 7. Be3 0-0 8. Qd2 Nc6 9. Rd1 e5 10. d5 Nd4 11. h4 c6 12. h5 cxd5 13. Bh6 Qf6 14. exd5 Bf5 15. f3 Rac8 16. g4 Bxh6 17. Qxh6 Bd7 18. hxg6 Qxg6 19. Qh4 f5 20. Bd3 Kh8 21. Rd2 Rf7 22. Qg3 Re8 23. Kd1 Qg5 24. Nge2 fxg4 25. Nxd4 exd4 26. Ne4 Qe5 27. Qh4 Rg8 28. Ng3 Qe7 29. Qh6 Nxd5 30. Rdh2 Rgg7 31. Nh5 Ne3+ 32. Kc1 Nf5 33. Bxf5 Bxf5 34. Nxg7 Qc5+ 35. Kd2 Qc2+ 36. Ke1 Re7+ 37. Ne6 Qc8 38. Qf6+ Kg8 39. Qxe7 Qc1+ 40. Kf2 Qe3+ 41. Kg3 1-0

[Event "FRA-chT3 Gr01 0607"]
[Site "France"]
[Date "2006.11.26"]
[Round "3.6"]
[White "Gonzalez, Paul"]
[Black "Bornand, Jonathan"]
[Result "1/2-1/2"]
[WhiteElo "1984"]
[BlackElo "1980"]
[PlyCount "86"]
[EventDate "2006.10.15"]
[EventType "team"]
[EventRounds "9"]
[EventCountry "FRA"]
[SourceTitle "EXT 2008"]
[Source "ChessBase"]
[SourceDate "2007.11.25"]
[SourceVersion "1"]
[SourceVersionDate "2007.11.25"]
[SourceQuality "1"]

1. d4 Nf6 2. c4 e6 3. Nf3 b6 4. e3 Bb7 5. Bd3 Be7 6. 0-0 0-0 7. Nbd2 d5 8. b3 Nbd7 9. Bb2 Ne4 10. Rc1 Rc8 11. Qe2 Ndf6 12. Bb1 Re8 13. Qd3 Bf8 14. h3 g6 15. Rfd1 Bg7 16. cxd5 exd5 17. Ne5 c5 18. Ndf3 Rc7 19. dxc5 bxc5 20. Qe2 Qc8 21. Nd3 Ba6 22. Qe1 c4 23. Nb4 Bb7 24. Bxe4 dxe4 25. Nd4 a5 26. Nbc2 c3 27. Ba1 Ba6 28. Na3 Nd5 29. Nab5 Rc5 30. Nxc3 Nxc3 31. Rxc3 Rxc3 32. Bxc3 a4 33. Rc1 axb3 34. Nxb3 Qf5 35. Bxg7 Kxg7 36. Nd4 Qd5 37. Qc3 Kg8 38. Qc6 Qxc6 39. Rxc6 Bd3 40. Rc3 Rb8 41. Nb3 f5 42. a4 Rb4 43. a5 Ra4 1/2-1/2

[Event "FRA-chT U20a 0405"]
[Site "France"]
[Date "2005.05.16"]
[Round "11.2"]
[White "Manoeuvre, Antoine"]
[Black "Gonzalez, Paul"]
[Result "1-0"]
[WhiteElo "1860"]
[BlackElo "1750"]
[PlyCount "111"]
[EventDate "2004.11.19"]
[EventType "team"]
[EventRounds "11"]
[EventCountry "FRA"]
[SourceTitle "EXT 2006"]
[Source "ChessBase"]
[SourceDate "2005.11.24"]
[SourceVersion "1"]
[SourceVersionDate "2005.11.24"]
[SourceQuality "1"]

1. d4 e6 2. c4 b6 3. Nc3 Bb7 4. Nf3 f5 5. g3 Nf6 6. Bg2 Bb4 7. 0-0 0-0 8. Bg5 Bxc3 9. bxc3 d6 10. Qb3 Qe8 11. Bxf6 Rxf6 12. e3 Nd7 13. h4 Rb8 14. Ne1 Kh8 15. Bxb7 Rxb7 16. Ng2 c6 17. Qa3 e5 18. Rad1 h6 19. Rd2 g5 20. Rfd1 e4 21. c5 d5 22. c4 Qf7 23. cxd5 Qxd5 24. Qa6 Rc7 25. Qe2 Qf7 26. cxb6 Nxb6 27. Rc1 Nd5 28. Rdc2 Nb4 29. Rc4 Nd3 30. R1c2 Qe6 31. Qh5 Rg6 32. d5 Qf6 33. Rxc6 Qa1+ 34. Kh2 Rcxc6 35. dxc6 Ne5 36. c7 Nf3+ 37. Qxf3 exf3 38. c8Q+ Rg8 39. Qe6 Qg7 40. Rc8 fxg2 41. Rxg8+ Qxg8 42. Qxh6+ Qh7 43. Qxh7+ Kxh7 44. Kxg2 Kg6 45. Kf3 a5 46. hxg5 Kxg5 47. e4 a4 48. e5 a3 49. Ke3 Kg6 50. Kf4 Kf7 51. Kxf5 Ke7 52. f4 Kd7 53. e6+ Kd6 54. Kf6 Kc5 55. e7 Kc4 56. e8Q 1-0

[Event "FRA-ch U14"]
[Site "Calvi"]
[Date "2005.04.19"]
[Round "3"]
[White "Castro, John"]
[Black "Gonzalez, Paul"]
[Result "1-0"]
[WhiteElo "2060"]
[BlackElo "1920"]
[PlyCount "71"]
[EventDate "2005.04.??"]
[EventType "swiss"]
[EventRounds "9"]
[EventCountry "FRA"]
[SourceTitle "EXT 2006"]
[Source "ChessBase"]
[SourceDate "2005.11.24"]
[SourceVersion "1"]
[SourceVersionDate "2005.11.24"]
[SourceQuality "1"]

1. e3 b6 2. c4 Bb7 3. Nf3 e6 4. Nc3 f5 5. d4 Bb4 6. Bd2 Nf6 7. Bd3 0-0 8. 0-0 Bxc3 9. bxc3 Ne4 10. Re1 d6 11. Qc2 Qe8 12. Rad1 Rf6 13. Bf1 Rh6 14. Bc1 Qh5 15. h3 g5 16. Nh2 g4 17. d5 gxh3 18. g3 e5 19. Bd3 Qg6 20. Kh1 Kh8 21. g4 Qf7 22. gxf5 Nc5 23. e4 Nxd3 24. Rxd3 Rh5 25. Rg3 Nd7 26. Reg1 Nf6 27. Qe2 Rh4 28. Bg5 Rf4 29. Bxf6+ Qxf6 30. Rxh3 Qf7 31. f3 Rg8 32. Ng4 h5 33. Qh2 Rg5 34. Rgg3 Ba6 35. Nxe5 Qe7 36. Rxg5 1-0

[Event "FRA-chT U20 0405"]
[Site "France"]
[Date "2004.11.21"]
[Round "3.4"]
[White "Gonzalez, Paul"]
[Black "Paoli, Raphael"]
[Result "1-0"]
[WhiteElo "1750"]
[BlackElo "1340"]
[PlyCount "55"]
[EventDate "2004.11.20"]
[EventType "team"]
[EventRounds "11"]
[EventCountry "FRA"]
[SourceTitle "CBM 103 Extra"]
[Source "ChessBase"]
[SourceDate "2005.01.01"]
[SourceVersion "1"]
[SourceVersionDate "2005.01.01"]
[SourceQuality "1"]

1. d4 d5 2. c4 e6 3. Nc3 Nf6 4. Nf3 Bb4 5. Bg5 h6 6. Bh4 g5 7. Bg3 Ne4 8. Qc2 Bxc3+ 9. bxc3 Nxg3 10. hxg3 Nc6 11. e3 Qf6 12. Rb1 Qg6 13. Qxg6 fxg6 14. cxd5 exd5 15. Bb5 a6 16. Bxc6+ bxc6 17. Ne5 Bf5 18. Rb7 Rc8 19. Nxc6 Kd7 20. Ne5+ Ke6 21. g4 Bc2 22. Kd2 Ba4 23. Nxg6 Bc6 24. Nxh8 Bxb7 25. Rxh6+ Kd7 26. Nf7 Rf8 27. Ne5+ Ke8 28. f3 1-0

[Event "FRA-chT U20 0304"]
[Site "France"]
[Date "2004.01.05"]
[Round "6"]
[White "Gonzalez, Paul"]
[Black "Chretien, Corentin"]
[Result "0-1"]
[WhiteElo "1840"]
[BlackElo "1540"]
[PlyCount "124"]
[EventDate "2003.11.??"]
[EventType "team"]
[EventRounds "11"]
[EventCountry "FRA"]
[SourceTitle "EXT 2005"]
[Source "ChessBase"]
[SourceDate "2004.11.15"]
[SourceVersion "1"]
[SourceVersionDate "2004.11.15"]
[SourceQuality "1"]
[WhiteTeam "Montpellier"]
[BlackTeam "Nancy"]
[WhiteTeamCountry "FRA"]
[BlackTeamCountry "FRA"]

1. d4 Nf6 2. c4 c5 3. d5 b5 4. cxb5 a6 5. bxa6 Bxa6 6. Nc3 g6 7. g3 Bg7 8. Bg2 d6 9. Nf3 0-0 10. Qc2 Nbd7 11. Rb1 Nb6 12. Qd2 Bc4 13. b3 Nfxd5 14. Nxd5 Bxd5 15. 0-0 Be4 16. Rb2 Bxb2 17. Qxb2 e5 18. Bh6 Re8 19. Nxe5 dxe5 20. Bxe4 Rc8 21. Bd2 c4 22. Rc1 Qd4 23. Qxd4 exd4 24. Bf3 c3 25. Bg5 Rc5 26. h4 Nd7 27. Kg2 f6 28. Bf4 Ne5 29. Be4 Ra5 30. a4 Rb8 31. Bc2 Rd5 32. Bxe5 Rxe5 33. Kf3 f5 34. Rb1 Rbe8 35. Re1 Rd8 36. Rb1 Rde8 37. Re1 Rb8 38. Rb1 Rb4 39. Bd3 Kg7 40. Bc2 Kf6 41. Ra1 Rb8 42. Rb1 Rb4 43. Ra1 Ra5 44. Rd1 Rd5 45. Ra1 h6 46. Rd1 g5 47. hxg5+ hxg5 48. Kg2 Rb8 49. Rb1 Re5 50. Bd3 Rc8 51. Rc1 f4 52. g4 Rb8 53. Rb1 Rb4 54. Kf1 Ke7 55. f3 Kd6 56. Kf2 Kc5 57. Bc2 Rb8 58. Ra1 Kb4 59. Kf1 Rbe8 60. Bd1 Re3 61. Kf2 d3 62. exd3 Rxd3 0-1

[Event "FRA-chT U20 0203"]
[Site "Clichy"]
[Date "2003.01.04"]
[Round "5.6"]
[White "Gonzalez, Paul"]
[Black "Delivre, Raphael"]
[Result "0-1"]
[WhiteElo "1010"]
[BlackElo "1710"]
[PlyCount "59"]
[EventDate "2002.12.??"]
[EventType "team"]
[EventRounds "11"]
[EventCountry "FRA"]
[SourceTitle "EXT 2004"]
[Source "ChessBase"]
[SourceDate "2003.11.25"]
[SourceVersion "1"]
[SourceVersionDate "2003.11.25"]
[SourceQuality "1"]
[WhiteTeam "Montpellier"]
[BlackTeam "Paris NAO"]
[WhiteTeamCountry "FRA"]
[BlackTeamCountry "FRA"]

1. d4 Nf6 2. c4 e6 3. Nc3 Bb4 4. Bd2 c5 5. Nb5 Bxd2+ 6. Qxd2 d5 7. Qf4 Qa5+ 8. Nc3 cxd4 9. Qxd4 0-0 10. e3 Ne4 11. Nge2 Nc6 12. Qd3 Nb4 13. Qd1 dxc4 14. Rc1 Nd3+ 15. Qxd3 cxd3 16. Nd4 d2+ 17. Kd1 dxc1Q+ 18. Kxc1 Nxc3 19. bxc3 Qxc3+ 20. Kb1 Bd7 21. Bb5 Bxb5 22. Nxb5 Qb4+ 23. Ka1 Qxb5 24. Rb1 Qe5+ 25. Rb2 Rac8 26. Kb1 Rfd8 27. a4 Rd1+ 28. Ka2 Qe4 29. Rb3 Rc3 30. Kb2 0-1